Human Anatomy & Physiology: Latin and Greek Word Part List - Statistics

General Stats
  • This quiz has been taken 116 times
    98 since last reset
  • The average score is 59 of 232
Answer Stats
Hint Answer % Correct
pent Five
86%
anti- Against/Resisting
73%
hypo- Under/Below/Less
73%
corp- Body
68%
contra- Against/Resisting
64%
pre- Before
64%
-ase Enzyme
59%
tachy Fast
59%
photo Light
59%
non Without/Not
59%
cent- 100
55%
psych Mind
55%
hex- Six
55%
gluc- Sugar
55%
hemi- Half
50%
cephal- Head
50%
card- Heart
50%
poly- Many
50%
derm Skin
50%
tert- Three/Third
50%
retro Back/Again/Past
45%
hem- Blood
45%
-cyte Cell
45%
semi- Half
45%
nephr- Kidney
45%
micro- Small
45%
di- Two
45%
epi- Upon/Over/Above
45%
supra Above/Over
41%
cyan- Blue
41%
mamm- Breast/Chest
41%
oct Eight
41%
phobia Fear
41%
intra- Inside/Within
41%
mega Large
41%
multi- Many
41%
mono- One
41%
equi- Same/Equal/Balanced
41%
Auto- Self
41%
tri- Three/Third
41%
bi- Two
41%
sub- Under/Below/Less
41%
aqua(e)- Water
41%
hydr Water
41%
leuk(c)- White
41%
super Above/Over
36%
post After
36%
soma- Body
36%
ost- Bone
36%
necr- Death
36%
mort Death
36%
path disease
36%
o(o) Egg
36%
opt Eye
36%
lip(o)- Fat
36%
ped Foot/Feet
36%
quad Four
36%
tetra Four
36%
audi- Hear
36%
-cide Kill
36%
lact- Milk
36%
rhin Nose
36%
nas- Nose
36%
hyper- Over/Excessive
36%
homo- Same/Equal/Balanced
36%
gastr- Stomach
36%
co- Together/With
36%
Kilo- 1000
32%
ger (o, i)- Aging/Old
32%
circ- Around
32%
mal- Bad/Painful/Difficult
32%
ante- Before
32%
para Beside
32%
orbit Eye
32%
ocu Eye
32%
phobe Fear
32%
pod Foot/Feet
32%
therm Heat
32%
endo- Inside/Within
32%
macr- Large
32%
pneum Lungs/Air
32%
meso- Middle
32%
neo New
32%
uni- One
32%
hist- Tissue
32%
con- Together/With
32%
lingu Tongue
32%
dent Tooth/Teeth
32%
infra- Under/Below/Less
32%
ang(i) Vessel
32%
a- Without/Not
32%
gyn Woman
32%
re- Back/Again/Past
27%
Inter- Between
27%
ophth Eye
27%
prim First
27%
Arthr(o)- Joint
27%
lumen Light
27%
olig- Little/Few
27%
hepat- Liver
27%
pulmon Lungs/Air
27%
-alg Pain
27%
iso- Same/Equal/Balanced
27%
brady- Slow
27%
-logy Study of/Specialist
27%
-ose Sugar
27%
dont Tooth/Teeth
27%
hyster- Uterus
27%
dec(k) 10
23%
peri- Around
23%
dys- Bad/Painful/Difficult
23%
-clast Break/Destroy
23%
pect- Breast/Chest
23%
pnea Breathing
23%
blast Create/Form
23%
-sect Cut/Cut out
23%
ot Ear
23%
ovi Egg
23%
adi- Fat
23%
-meter Measurement/Length
23%
or(a) Mouth
23%
foram- Opening
23%
ex- Outside
23%
tox Poison/Contaminate
23%
-tension Pressure
23%
-esthe Sensation
23%
-phasia Speech
23%
gly Sugar
23%
trans- Through/Separate/Across
23%
palp Touch/Feel
23%
tact Touch/Feel
23%
onco Tumor
23%
diplo- Two
23%
-emesis Vomiting
23%
fasci- Bundle
18%
pseudo False
18%
-rrhea Flow/Discharge
18%
-ceps Head
18%
en Inside/Within
18%
artic- Joint
18%
ren Kidney
18%
magn- Large
18%
mnem- Memory
18%
myo- Muscle
18%
sten Narrowing
18%
ecto- Outside
18%
sept Poison/Contaminate
18%
proct Rectum/Anus
18%
morph Shape
18%
brev(i)- Short
18%
-ule Small
18%
-ist Study of/Specialist
18%
edem- Swelling
18%
sys- Together/With
18%
syn- Together/With
18%
sym- Together/With
18%
infer- Under/Below/Less
18%
ana- Up
18%
an Without/Not
18%
Milli- 1000
14%
pro- Before
14%
nat- Birth
14%
melano- Black
14%
lyze Break apart/Dissolve
14%
mut- Change
14%
thromb Clot
14%
lig- Connect/Bind
14%
cat- Down
14%
pharm Drug
14%
phago Eat/Feed
14%
cystic Gallbladder
14%
strat Layer
14%
-ostomy Make an opening
14%
erythr- Red
14%
-ole Small
14%
dia- Through/Separate/Across
14%
gloss/tt Tongue
14%
-oma Tumor
14%
-graph Writing apparatus
14%
ef- Away
9%
ab- Away
9%
mass- Breast/Chest
9%
spir Breathing
9%
-gen Create/Form
9%
poie- Create/Form
9%
-ectomy Cut/Cut out
9%
ectop- Displaced
9%
digit Finger or Toe
9%
phys Function
9%
chol- Gallbladder
9%
schlero Hard(ening)
9%
-itis Inflammation of
9%
-metric Measurement/Length
9%
med- Middle
9%
mens- Month
9%
plegia Paralysis
9%
-oid Resembling/Shape of
9%
-crine Secrete/Release
9%
-plasty Shape
9%
brachy- Short
9%
cut Skin
9%
-ician Study of/Specialist
9%
af- Toward
9%
-opia Vision
9%
bronch- Airway
5%
glom- Ball
5%
-emia Blood condition
5%
coel- Cavity/Space
5%
sinu- Cavity/Space
5%
-tom Cut/Cut out
5%
-megaly Enlargement
5%
dactyl Finger or Toe
5%
phleb Light
5%
phren Mind
5%
-noia Mind
5%
-mania Obsession/Compulsion
5%
-tonic Strength
5%
per- Through/Separate/Across
5%
ad- Toward
5%
zyg union
5%
-graphy Use of writing apparatus
5%
lapar- Abdomen
0%
lys Break apart/Dissolve
0%
-iasis Condition of
0%
-osis Condition of
0%
-plasia Growth/Formation
0%
meta- Middle
0%
-centesis Puncture
0%
-gram Something written
0%
kin- To move/Divide
0%
-scopy To view/See
0%
metr- Uterus
0%
No matching quizzes found
Score Distribution
Percent of People with Each Score
Percentile by Number Answered
Your Score History
You have not taken this quiz since the last reset